SCIENCE (Record no. 2301)
[ view plain ]
| 000 -LEADER | |
|---|---|
| fixed length control field | 00306nam a22001337a 4500 |
| 020 ## - INTERNATIONAL STANDARD BOOK NUMBER | |
| ISBN | 0-7513-6905-5 |
| 082 ## - DEWEY DECIMAL CLASSIFICATION NUMBER | |
| Classification number | 030 |
| Item number | DOR/S |
| 100 ## - MAIN ENTRY--AUTHOR NAME | |
| Personal name | DORLING KINDERSLEY |
| 245 ## - TITLE STATEMENT | |
| Title | SCIENCE |
| Remainder of title | PICTUREPEDIA |
| 260 ## - PUBLICATION, DISTRIBUTION, ETC. (IMPRINT) | |
| Place of publication | LONDON |
| Name of publisher | DK BOOKS |
| Year of publication | 1993 |
| 300 ## - PHYSICAL DESCRIPTION | |
| Number of Pages | 49 |
| 650 ## - SUBJECT ADDED ENTRY--TOPICAL TERM | |
| Topical Term | ENCYCLOPEDIA |
| Geographic subdivision | UNITED KINGDOM |
| 942 ## - ADDED ENTRY ELEMENTS (KOHA) | |
| Koha item type | Books |
| Withdrawn status | Lost status | Collection code | Home library | Current library | Shelving location | Date acquired | Source of acquisition | Full call number | Accession Number | Koha item type | Cost, normal purchase price |
|---|---|---|---|---|---|---|---|---|---|---|---|
| Reference | Main Library | Main Library | SHELF 1- I -, ENCYCLOPEDIA | 28/03/2003 | purchase | 030 DOR/S | 01262 | Books | |||
| G.K | Main Library | Main Library | SHELF-17E-SCIENCE RELATED BOOKS | 22/11/2009 | PURCHASE | 030 DOR/S | 01647 | Books | 30.00 |